| 000 | 00414nam a2200133Ia 4500 | ||
|---|---|---|---|
| 008 | 170516s9999 xx 000 0 und d | ||
| 245 | _aGas6/Axl Axis Contributes to Chemoresistance and Metastasis in Breast Cancer through Akt/GSK-3β/β-catenin Signaling | ||
| 260 | _bTheranostics | ||
| 260 | _c2016 | ||
| 300 | _a6:8 | ||
| 650 | _xMedical Technology | ||
| 650 | _xMedtech | ||
| 856 | _uhttp://www.thno.org/v6i8 | ||
| 999 |
_c330280 _d330280 |
||